Ley general presupuestaria
সংরক্ষণ করুন:
| বিন্যাস: | গ্রন্থ |
|---|---|
| ভাষা: | স্প্যানিশ |
| প্রকাশিত: |
Madrid
Boletín Oficial del Estado
1989
|
| মালা: | Textos Legales, 31
|
| বিষয়গুলি: | |
| ট্যাগগুলো: |
ট্যাগ যুক্ত করুন
কোনো ট্যাগ নেই, প্রথমজন হিসাবে ট্যাগ করুন!
|
MARC
| LEADER | 00000nam a2200000 a 4500 | ||
|---|---|---|---|
| 001 | UCX9736 | ||
| 003 | CL-VaPUC | ||
| 008 | 940623e19890000SP |||||||||||||||||spa|d | ||
| 082 | 0 | 4 | |a 343.034 |b LEY |2 21 |
| 245 | 1 | 0 | |a Ley general presupuestaria |
| 300 | |a 468 p | ||
| 942 | |c BK | ||
| 945 | |d 19940623 00:00:00 |a aalvarez | ||
| 260 | |a Madrid |b Boletín Oficial del Estado |c 1989 | ||
| 650 | 0 | |a Hacienda pública |9 258673 | |
| 651 | 0 | |a España |9 254926 | |
| 583 | |a last modification |c 19940623 00:00:00 |k Rodrigo Vera | ||
| 490 | 0 | |a Textos Legales, 31 | |
| 999 | |c 228897 |d 228895 | ||
| 952 | |0 0 |1 0 |4 0 |6 343_034000000000000_LEY_1989 |7 0 |8 A |9 229385 |a BIBDER |b BIBDER |d 2019-11-15 |i 2983982 |o 343.034 LEY 1989 |p 2983982 |r 2023-01-25 |w 2019-11-15 |y BK |k DER | ||